| 000 | 00734nam a2200253 a 4500 | ||
|---|---|---|---|
| 001 | adlib96000001 | ||
| 003 | ViArRB | ||
| 005 | 200902210153555.7 | ||
| 008 | 960221s1955 dcuabcdjdbkoqu001 0deng d | ||
| 020 | _a | ||
| 022 | _a | ||
| 040 | _aAdlib | ||
| 082 | _a517.55 | ||
| 245 | _aConstructive theory of functijons of several variables [proceedings] | ||
| 250 | _a | ||
| 260 |
_aBerlin _bSpringer-Verlag _c1977 |
||
| 300 |
_avi,288p. _c |
||
| 500 | _a | ||
| 100 |
_aSchempp, W _e |
||
| 700 |
_aKeller, Z _a |
||
| 942 | _cBK | ||
| 653 |
_afunctions of several cariables _aseveral variables _aTheory of functions |
||
| 952 |
_w2010-06-16 _p00012621 _r2010-06-16 _40 _00 _bUL _10 _o517.55 SCH _d2010-06-16 _70 _yBK _aUL |
||
| 999 |
_c12479 _d12478 |
||